Normal view MARC view
  • Kamal Matiuddin

Entry Personal Name

Number of records used in: 1

001 - CONTROL NUMBER

  • control field: 49055

003 - CONTROL NUMBER IDENTIFIER

  • control field: NUST

005 - DATE AND TIME OF LATEST TRANSACTION

  • control field: 20210314134230.0

008 - FIXED-LENGTH DATA ELEMENTS

  • fixed length control field: 210314|| aca||aabn | a|a d

040 ## - CATALOGING SOURCE

  • Original cataloging agency: NUST
  • Transcribing agency: NUST

100 ## - HEADING--PERSONAL NAME

  • Personal name: Kamal Matiuddin

670 ## - SOURCE DATA FOUND

  • Source citation: Work cat.: (NUST): Kamal Matiuddin, Tragedy of errors east Pakistan crisis 1986-71, 1993
© 2023 Central Library, National University of Sciences and Technology. All Rights Reserved.